[Event "Rapid 2018"]
[Site "Saint-Petersburg"]
[Date "2018.12.28"]
[Round "14"]
[Board "100"]
[White "Alsulaymi Abdullah M (KSA)"]
[Black "Al Turky Fahad A (KSA)"]
[Result "1-0"]
[BlackElo "1815"]
[WhiteElo "1682"]
[LiveChessVersion "1.4.8"]

1. e4 {[%clk 0:14:50]} c5 {[%clk 0:15:12]} 2. b4 {[%clk 0:14:58]} e5
{[%clk 0:14:17]} 3. bxc5 {[%clk 0:14:58]} Bxc5 {[%clk 0:14:21]} 4. Nf3
{[%clk 0:15:03]} Nc6 {[%clk 0:14:27]} 5. Bb2 {[%clk 0:15:04]} d6 {[%clk 0:14:00]}
6. Be2 {[%clk 0:14:44]} Bxf2+ {[%clk 0:12:16]} 7. Kxf2 {[%clk 0:14:25]} Qb6+
{[%clk 0:12:25]} 8. Ke1 {[%clk 0:14:07]} Qxb2 {[%clk 0:12:33]} 9. Nc3
{[%clk 0:14:14]} Qb6 {[%clk 0:11:12]} 10. Rb1 {[%clk 0:14:09]} Qd8
{[%clk 0:11:18]} 11. Bc4 {[%clk 0:14:03]} Nf6 {[%clk 0:09:43]} 12. d3
{[%clk 0:12:59]} O-O {[%clk 0:09:43]} 13. h3 {[%clk 0:12:58]} Nh5
{[%clk 0:09:09]} 14. Nd5 {[%clk 0:12:38]} Be6 {[%clk 0:07:35]} 15. Rxb7
{[%clk 0:12:14]} Na5 {[%clk 0:06:23]} 16. Rb1 {[%clk 0:07:57]} Nxc4
{[%clk 0:06:29]} 17. dxc4 {[%clk 0:08:05]} f5 {[%clk 0:05:58]} 18. exf5
{[%clk 0:07:34]} Bf7 {[%clk 0:02:58]} 19. h4 {[%clk 0:06:29]} Ng3
{[%clk 0:03:04]} 20. Rh3 {[%clk 0:06:24]} Nxf5 {[%clk 0:03:13]} 21. Ng5
{[%clk 0:06:02]} h6 {[%clk 0:02:15]} 22. Nxf7 {[%clk 0:05:50]} Rxf7
{[%clk 0:02:25]} 23. Qg4 {[%clk 0:05:25]} Qa5+ {[%clk 0:01:54]} 24. c3
{[%clk 0:05:05]} Qxa2 {[%clk 0:01:47]} 25. Rd1 {[%clk 0:05:06]} Raf8
{[%clk 0:01:37]} 26. Rf3 {[%clk 0:05:05]} Qa5 {[%clk 0:00:47]} 27. Rxf5
{[%clk 0:05:11]} Rxf5 {[%clk 0:00:50]} 28. Ne7+ {[%clk 0:05:19]} Kh7
{[%clk 0:00:49]} 29. Nxf5 {[%clk 0:05:27]} Qxc3+ {[%clk 0:00:57]} 30. Rd2
{[%clk 0:05:29]} g6 {[%clk 0:00:29]} 31. Ne7 {[%clk 0:03:13]} Rf6
{[%clk 0:00:24]} 32. h5 {[%clk 0:02:56]} g5 {[%clk 0:00:22]} 33. Qe4+
{[%clk 0:02:36]} Kg7 {[%clk 0:00:26]} 34. Nf5+ {[%clk 0:02:43]} Kf8
{[%clk 0:00:12]} 35. Qa8+ {[%clk 0:02:45]} Kf7 {[%clk 0:00:20]} 36. Qb7+
{[%clk 0:02:49]} Ke6 {[%clk 0:00:11]} 37. Ng7# {[%clk 0:02:52]} 1-0

[Event "Rapid 2018"]
[Site "Saint-Petersburg"]
[Date "2018.12.28"]
[Round "15"]
[Board "3"]
[White "Karjakin Sergey (RUS)"]
[Black "Artemiev Vladislav (RUS)"]
[Result "1/2-1/2"]
[BlackElo "2812"]
[WhiteElo "2774"]
[LiveChessVersion "1.4.8"]

1. e4 {[%clk 0:15:19]} c5 {[%clk 0:15:18]} 2. Nf3 {[%clk 0:15:27]} d6
{[%clk 0:15:27]} 3. d4 {[%clk 0:15:35]} cxd4 {[%clk 0:15:36]} 4. Nxd4
{[%clk 0:15:44]} Nf6 {[%clk 0:15:44]} 5. Nc3 {[%clk 0:15:53]} a6 {[%clk 0:15:54]}
6. a4 {[%clk 0:16:02]} g6 {[%clk 0:16:02]} 7. Be2 {[%clk 0:16:08]} Bg7
{[%clk 0:16:11]} 8. O-O {[%clk 0:16:15]} O-O {[%clk 0:16:20]} 9. Be3
{[%clk 0:16:23]} Nc6 {[%clk 0:16:28]} 10. Qd2 {[%clk 0:16:31]} Bd7
{[%clk 0:15:01]} 11. Rfd1 {[%clk 0:16:33]} Rc8 {[%clk 0:14:48]} 12. Nxc6
{[%clk 0:15:47]} Bxc6 {[%clk 0:14:54]} 13. f3 {[%clk 0:15:52]} Nd7
{[%clk 0:14:53]} 14. Bd4 {[%clk 0:15:47]} Bxd4+ {[%clk 0:14:10]} 15. Qxd4
{[%clk 0:15:56]} Qb6 {[%clk 0:14:19]} 16. Qxb6 {[%clk 0:16:00]} Nxb6
{[%clk 0:14:28]} 17. a5 {[%clk 0:16:08]} Nd7 {[%clk 0:14:36]} 18. Rd2
{[%clk 0:15:31]} Rc7 {[%clk 0:12:13]} 19. b3 {[%clk 0:14:27]} f5 {[%clk 0:10:43]}
20. exf5 {[%clk 0:14:16]} Rxf5 {[%clk 0:10:51]} 21. Nd1 {[%clk 0:13:04]} Nf6
{[%clk 0:09:42]} 22. c4 {[%clk 0:12:00]} g5 {[%clk 0:06:30]} 23. b4
{[%clk 0:10:17]} Bd7 {[%clk 0:05:31]} 24. Ne3 {[%clk 0:09:42]} Re5
{[%clk 0:05:40]} 25. Ra3 {[%clk 0:09:36]} Rc8 {[%clk 0:04:59]} 26. Rd4
{[%clk 0:08:34]} Kg7 {[%clk 0:04:05]} 27. Kf2 {[%clk 0:08:06]} Rb8
{[%clk 0:02:59]} 28. h4 {[%clk 0:06:57]} h6 {[%clk 0:03:06]} 29. Nc2
{[%clk 0:04:58]} Rf8 {[%clk 0:02:34]} 30. Ke1 {[%clk 0:04:36]} Nh5
{[%clk 0:02:24]} 31. hxg5 {[%clk 0:04:14]} hxg5 {[%clk 0:02:01]} 32. Re3
{[%clk 0:04:17]} Rxe3 {[%clk 0:01:26]} 33. Nxe3 {[%clk 0:04:25]} Nf4
{[%clk 0:00:51]} 34. Bf1 {[%clk 0:04:32]} Be6 {[%clk 0:00:38]} 35. Kf2
{[%clk 0:03:39]} Rh8 {[%clk 0:00:27]} 36. c5 {[%clk 0:01:13]} dxc5
{[%clk 0:00:36]} 37. bxc5 {[%clk 0:01:22]} Rc8 {[%clk 0:00:45]} 38. Re4
{[%clk 0:01:22]} Rc6 {[%clk 0:00:17]} 39. g3 {[%clk 0:01:29]} Ng6
{[%clk 0:00:25]} 40. f4 {[%clk 0:01:37]} gxf4 {[%clk 0:00:33]} 41. gxf4
{[%clk 0:01:46]} Kf6 {[%clk 0:00:25]} 42. Bc4 {[%clk 0:01:21]} Bxc4
{[%clk 0:00:33]} 43. Rxc4 {[%clk 0:01:30]} e5 {[%clk 0:00:37]} 44. Ng4+
{[%clk 0:01:04]} Ke6 {[%clk 0:00:29]} 45. Nxe5 {[%clk 0:01:12]} Nxe5
{[%clk 0:00:34]} 46. fxe5 {[%clk 0:01:21]} Kxe5 {[%clk 0:00:42]} 47. Rb4
{[%clk 0:01:28]} Rc7 {[%clk 0:00:47]} 48. Ke3 {[%clk 0:01:22]} Kd5
{[%clk 0:00:53]} 49. Kd3 {[%clk 0:01:30]} Kxc5 {[%clk 0:01:01]} 50. Rc4+
{[%clk 0:01:32]} Kd6 {[%clk 0:01:08]} 51. Rxc7 {[%clk 0:01:31]} Kxc7
{[%clk 0:01:17]} 52. Kc3 {[%clk 0:01:40]} Kd7 {[%clk 0:01:20]} 53. Kd3
{[%clk 0:01:49]} Ke7 {[%clk 0:01:27]} 54. Ke3 {[%clk 0:01:58]} 1/2-1/2

[Event "Rapid 2018"]
[Site "Saint-Petersburg"]
[Date "2018.12.28"]
[Round "15"]
[Board "4"]
[White "Ponkratov Pavel (RUS)"]
[Black "Yu Yangyi (CHN)"]
[Result "1/2-1/2"]
[BlackElo "2758"]
[WhiteElo "2650"]
[LiveChessVersion "1.4.8"]

1. d4 {[%clk 0:15:18]} Nf6 {[%clk 0:15:19]} 2. c4 {[%clk 0:15:26]} e6
{[%clk 0:15:28]} 3. Nf3 {[%clk 0:15:34]} d5 {[%clk 0:15:37]} 4. g3
{[%clk 0:15:43]} dxc4 {[%clk 0:15:25]} 5. Bg2 {[%clk 0:15:46]} c5
{[%clk 0:15:34]} 6. O-O {[%clk 0:14:56]} Nc6 {[%clk 0:15:42]} 7. Na3
{[%clk 0:13:44]} cxd4 {[%clk 0:15:23]} 8. Nxc4 {[%clk 0:13:53]} Be7
{[%clk 0:14:27]} 9. Qc2 {[%clk 0:13:17]} d3 {[%clk 0:13:13]} 10. exd3
{[%clk 0:13:06]} O-O {[%clk 0:12:55]} 11. d4 {[%clk 0:12:06]} Bd7
{[%clk 0:11:19]} 12. Qb3 {[%clk 0:11:58]} Nb4 {[%clk 0:09:30]} 13. Nfe5
{[%clk 0:11:55]} Bc6 {[%clk 0:09:02]} 14. Nxc6 {[%clk 0:11:59]} bxc6
{[%clk 0:09:11]} 15. Rd1 {[%clk 0:12:00]} Rb8 {[%clk 0:08:45]} 16. Qa4
{[%clk 0:12:07]} Nbd5 {[%clk 0:06:57]} 17. Ne5 {[%clk 0:11:56]} Qb6
{[%clk 0:06:43]} 18. Nxc6 {[%clk 0:10:32]} Rbc8 {[%clk 0:06:51]} 19. Nxe7+
{[%clk 0:10:19]} Nxe7 {[%clk 0:07:01]} 20. Bd2 {[%clk 0:09:22]} Qxb2
{[%clk 0:06:17]} 21. Rab1 {[%clk 0:07:51]} Qc2 {[%clk 0:06:25]} 22. Qxc2
{[%clk 0:07:47]} Rxc2 {[%clk 0:06:34]} 23. Rb7 {[%clk 0:07:55]} Nc8
{[%clk 0:04:55]} 24. a3 {[%clk 0:07:11]} h6 {[%clk 0:04:55]} 25. Bb4
{[%clk 0:06:42]} Rd8 {[%clk 0:04:51]} 26. Bf3 {[%clk 0:06:43]} Nd5
{[%clk 0:04:06]} 27. Ba5 {[%clk 0:06:36]} Re8 {[%clk 0:04:01]} 28. Re1
{[%clk 0:05:31]} Nce7 {[%clk 0:03:30]} 29. Rxa7 {[%clk 0:05:17]} Nc6
{[%clk 0:03:39]} 30. Ra6 {[%clk 0:05:25]} Rc8 {[%clk 0:02:37]} 31. Bxd5
{[%clk 0:05:06]} exd5 {[%clk 0:02:46]} 32. Rd1 {[%clk 0:05:05]} Re8
{[%clk 0:02:18]} 33. Rd2 {[%clk 0:03:14]} Rxd2 {[%clk 0:02:08]} 34. Bxd2
{[%clk 0:03:22]} Nxd4 {[%clk 0:02:17]} 35. Kg2 {[%clk 0:03:31]} Re2
{[%clk 0:02:24]} 36. Bb4 {[%clk 0:02:44]} Ra2 {[%clk 0:02:32]} 37. Rd6
{[%clk 0:01:24]} Nc2 {[%clk 0:02:38]} 38. Bc5 {[%clk 0:01:29]} Ne1+
{[%clk 0:02:46]} 39. Kf1 {[%clk 0:01:31]} Nd3 {[%clk 0:02:49]} 40. Rxd5
{[%clk 0:01:29]} Nxc5 {[%clk 0:02:50]} 41. Rxc5 {[%clk 0:01:37]} Rxa3
{[%clk 0:02:59]} 42. Kg2 {[%clk 0:01:45]} 1/2-1/2

[Event "Rapid 2018"]
[Site "Saint-Petersburg"]
[Date "2018.12.28"]
[Round "15"]
[Board "10"]
[White "Jakovenko Dmitry (RUS)"]
[Black "Salem A.R. Saleh (UAE)"]
[Result "1-0"]
[LiveChessVersion "1.4.8"]
[BlackElo "2682"]
[WhiteElo "2731"]

1. Nf3 {[%clk 0:15:19]} c5 {[%clk 0:15:19]} 2. c4 {[%clk 0:15:24]} Nf6
{[%clk 0:15:27]} 3. Nc3 {[%clk 0:15:31]} d5 {[%clk 0:15:36]} 4. cxd5
{[%clk 0:15:39]} Nxd5 {[%clk 0:15:45]} 5. e3 {[%clk 0:15:47]} e6 {[%clk 0:15:54]}
6. d4 {[%clk 0:15:53]} Be7 {[%clk 0:15:47]} 7. Bd3 {[%clk 0:15:12]} O-O
{[%clk 0:15:54]} 8. O-O {[%clk 0:15:00]} Nc6 {[%clk 0:16:02]} 9. a3
{[%clk 0:14:32]} b6 {[%clk 0:16:11]} 10. Qc2 {[%clk 0:14:35]} Nxc3
{[%clk 0:16:19]} 11. bxc3 {[%clk 0:14:34]} g6 {[%clk 0:16:28]} 12. Bb2
{[%clk 0:14:09]} Bb7 {[%clk 0:16:36]} 13. Qe2 {[%clk 0:14:05]} Qc7
{[%clk 0:16:35]} 14. Rad1 {[%clk 0:13:57]} Rfd8 {[%clk 0:16:42]} 15. h4
{[%clk 0:13:44]} Rac8 {[%clk 0:16:50]} 16. h5 {[%clk 0:13:30]} Rd5
{[%clk 0:16:58]} 17. hxg6 {[%clk 0:12:50]} hxg6 {[%clk 0:17:07]} 18. e4
{[%clk 0:12:39]} Rh5 {[%clk 0:17:15]} 19. g3 {[%clk 0:12:34]} Na5
{[%clk 0:15:19]} 20. Kg2 {[%clk 0:12:23]} cxd4 {[%clk 0:15:27]} 21. cxd4
{[%clk 0:12:28]} Nc4 {[%clk 0:15:31]} 22. Ba1 {[%clk 0:12:16]} b5
{[%clk 0:11:35]} 23. Rh1 {[%clk 0:11:31]} Rxh1 {[%clk 0:11:42]} 24. Rxh1
{[%clk 0:11:39]} Bf6 {[%clk 0:11:51]} 25. Qd1 {[%clk 0:08:23]} Qe7
{[%clk 0:09:59]} 26. a4 {[%clk 0:07:48]} b4 {[%clk 0:09:31]} 27. Qe2
{[%clk 0:07:35]} Nb6 {[%clk 0:08:35]} 28. Qd1 {[%clk 0:06:07]} a5
{[%clk 0:08:10]} 29. Ne5 {[%clk 0:05:46]} Bg7 {[%clk 0:07:07]} 30. Ng4
{[%clk 0:04:44]} f5 {[%clk 0:04:36]} 31. Nh6+ {[%clk 0:04:52]} Kf8
{[%clk 0:04:45]} 32. d5 {[%clk 0:04:09]} Bxa1 {[%clk 0:04:53]} 33. Qxa1
{[%clk 0:04:11]} Rc3 {[%clk 0:05:02]} 34. Nxf5 {[%clk 0:03:37]} Qf6
{[%clk 0:03:49]} 35. Nd6 {[%clk 0:02:44]} Qd4 {[%clk 0:02:01]} 36. Rh7
{[%clk 0:02:03]} Qxd3 {[%clk 0:01:35]} 37. Rf7+ {[%clk 0:02:12]} Kg8
{[%clk 0:01:43]} 38. Qh1 {[%clk 0:02:21]} 1-0

[Event "Rapid 2018"]
[Site "Saint-Petersburg"]
[Date "2018.12.28"]
[Round "15"]
[Board "15"]
[White "Anton Guijarro David (ESP)"]
[Black "Rakhmanov Aleksandr (RUS)"]
[Result "1-0"]
[LiveChessVersion "1.4.8"]
[BlackElo "2613"]
[WhiteElo "2708"]

1. e4 {[%clk 0:15:17]} e5 {[%clk 0:15:18]} 2. Nf3 {[%clk 0:15:25]} Nf6
{[%clk 0:15:26]} 3. d4 {[%clk 0:15:32]} Nxe4 {[%clk 0:15:27]} 4. dxe5
{[%clk 0:15:40]} d5 {[%clk 0:15:29]} 5. Nbd2 {[%clk 0:15:47]} Nxd2
{[%clk 0:15:32]} 6. Bxd2 {[%clk 0:15:54]} Be7 {[%clk 0:15:32]} 7. Bd3
{[%clk 0:16:00]} Be6 {[%clk 0:15:31]} 8. Nd4 {[%clk 0:14:48]} Qd7
{[%clk 0:15:27]} 9. Nxe6 {[%clk 0:13:45]} Qxe6 {[%clk 0:15:15]} 10. O-O
{[%clk 0:13:51]} Nd7 {[%clk 0:14:38]} 11. f4 {[%clk 0:13:34]} Nc5
{[%clk 0:14:02]} 12. Kh1 {[%clk 0:13:10]} Nxd3 {[%clk 0:13:47]} 13. cxd3
{[%clk 0:13:17]} O-O {[%clk 0:11:32]} 14. d4 {[%clk 0:12:08]} f5 {[%clk 0:10:12]}
15. Qb3 {[%clk 0:11:06]} b6 {[%clk 0:10:12]} 16. a4 {[%clk 0:09:15]} c5
{[%clk 0:10:12]} 17. Rfc1 {[%clk 0:07:47]} c4 {[%clk 0:09:42]} 18. Qf3
{[%clk 0:07:20]} Rac8 {[%clk 0:08:03]} 19. b3 {[%clk 0:07:08]} Rfd8
{[%clk 0:07:40]} 20. h3 {[%clk 0:05:52]} g6 {[%clk 0:07:16]} 21. g4
{[%clk 0:05:48]} cxb3 {[%clk 0:07:09]} 22. Rxc8 {[%clk 0:04:43]} Qxc8
{[%clk 0:05:42]} 23. Qxb3 {[%clk 0:04:04]} fxg4 {[%clk 0:05:36]} 24. Rc1
{[%clk 0:03:04]} Qf5 {[%clk 0:04:35]} 25. Qc2 {[%clk 0:02:42]} Qh5
{[%clk 0:04:04]} 26. Qd3 {[%clk 0:02:51]} gxh3 {[%clk 0:03:55]} 27. Kh2
{[%clk 0:03:00]} Qf5 {[%clk 0:00:28]} 28. Qxf5 {[%clk 0:02:24]} gxf5
{[%clk 0:00:37]} 29. Rc7 {[%clk 0:02:33]} Kf8 {[%clk 0:00:44]} 30. Kxh3
{[%clk 0:02:18]} Ke8 {[%clk 0:00:21]} 31. Be1 {[%clk 0:01:45]} Rd7
{[%clk 0:00:30]} 32. Rc6 {[%clk 0:01:54]} Bd8 {[%clk 0:00:31]} 33. Bh4
{[%clk 0:00:53]} Rc7 {[%clk 0:00:40]} 34. Rh6 {[%clk 0:00:35]} Rc3+
{[%clk 0:00:48]} 35. Kg2 {[%clk 0:00:39]} Bxh4 {[%clk 0:00:48]} 36. Rxh4
{[%clk 0:00:47]} Rc7 {[%clk 0:00:23]} 37. Rh5 {[%clk 0:00:40]} Rf7
{[%clk 0:00:25]} 38. Kf3 {[%clk 0:00:29]} a6 {[%clk 0:00:34]} 39. Rh6
{[%clk 0:00:35]} Rb7 {[%clk 0:00:43]} 40. Ke3 {[%clk 0:00:34]} b5
{[%clk 0:00:49]} 41. a5 {[%clk 0:00:31]} b4 {[%clk 0:00:58]} 42. Kd2
{[%clk 0:00:23]} Rb5 {[%clk 0:00:52]} 43. Rxa6 {[%clk 0:00:29]} h5
{[%clk 0:00:40]} 44. Ra8+ {[%clk 0:00:28]} Kf7 {[%clk 0:00:41]} 45. a6
{[%clk 0:00:33]} b3 {[%clk 0:00:29]} 46. Kc1 {[%clk 0:00:33]} Kg7
{[%clk 0:00:15]} 47. a7 {[%clk 0:00:31]} Ra5 {[%clk 0:00:15]} 48. e6
{[%clk 0:00:34]} 1-0

[Event "Rapid 2018"]
[Site "Saint-Petersburg"]
[Date "2018.12.28"]
[Round "15"]
[Board "16"]
[White "Oparin Grigoriy (RUS)"]
[Black "Saric Ivan (CRO)"]
[Result "1-0"]
[LiveChessVersion "1.4.8"]
[BlackElo "2661"]
[WhiteElo "2701"]

1. Nf3 {[%clk 0:15:18]} d5 {[%clk 0:15:17]} 2. g3 {[%clk 0:15:26]} c6
{[%clk 0:15:18]} 3. Bg2 {[%clk 0:15:35]} Bg4 {[%clk 0:15:26]} 4. O-O
{[%clk 0:15:42]} e6 {[%clk 0:15:24]} 5. h3 {[%clk 0:15:49]} Bxf3 {[%clk 0:15:33]}
6. Bxf3 {[%clk 0:15:57]} Nd7 {[%clk 0:15:40]} 7. d3 {[%clk 0:16:02]} Ngf6
{[%clk 0:15:36]} 8. Bg2 {[%clk 0:16:08]} Bc5 {[%clk 0:15:33]} 9. Nd2
{[%clk 0:15:36]} a5 {[%clk 0:15:31]} 10. a4 {[%clk 0:15:34]} Qc7 {[%clk 0:15:37]}
11. e3 {[%clk 0:15:34]} O-O {[%clk 0:15:38]} 12. Qe2 {[%clk 0:15:42]} e5
{[%clk 0:15:44]} 13. e4 {[%clk 0:15:37]} Rfe8 {[%clk 0:15:37]} 14. Nf3
{[%clk 0:14:51]} Bf8 {[%clk 0:14:50]} 15. Re1 {[%clk 0:13:29]} dxe4
{[%clk 0:14:45]} 16. dxe4 {[%clk 0:13:38]} Nc5 {[%clk 0:14:54]} 17. Qc4
{[%clk 0:13:32]} Rab8 {[%clk 0:14:21]} 18. Bg5 {[%clk 0:12:18]} b5
{[%clk 0:14:04]} 19. axb5 {[%clk 0:12:26]} cxb5 {[%clk 0:14:13]} 20. Qc3
{[%clk 0:12:35]} b4 {[%clk 0:12:18]} 21. Qc4 {[%clk 0:12:42]} Nfd7
{[%clk 0:12:26]} 22. b3 {[%clk 0:12:16]} Nb6 {[%clk 0:12:21]} 23. Qe2
{[%clk 0:12:21]} a4 {[%clk 0:12:19]} 24. bxa4 {[%clk 0:12:26]} Ncxa4
{[%clk 0:12:21]} 25. Nh4 {[%clk 0:07:40]} g6 {[%clk 0:12:22]} 26. Be3
{[%clk 0:07:03]} Nc3 {[%clk 0:11:27]} 27. Qg4 {[%clk 0:07:09]} Nc4
{[%clk 0:11:32]} 28. Bf1 {[%clk 0:03:58]} Nxe3 {[%clk 0:11:35]} 29. Rxe3
{[%clk 0:04:07]} Ra8 {[%clk 0:11:01]} 30. Rxa8 {[%clk 0:03:45]} Rxa8
{[%clk 0:11:10]} 31. Rd3 {[%clk 0:03:54]} Ra1 {[%clk 0:10:11]} 32. Kg2
{[%clk 0:02:44]} Qc6 {[%clk 0:09:21]} 33. Nf3 {[%clk 0:02:23]} h5
{[%clk 0:08:38]} 34. Qg5 {[%clk 0:01:56]} Nxe4 {[%clk 0:05:01]} 35. Qxe5
{[%clk 0:02:04]} Bg7 {[%clk 0:04:27]} 36. Qd5 {[%clk 0:01:33]} Qxd5
{[%clk 0:04:27]} 37. Rxd5 {[%clk 0:01:42]} Ra8 {[%clk 0:01:20]} 38. Bd3
{[%clk 0:01:43]} Nf6 {[%clk 0:00:57]} 39. Rb5 {[%clk 0:01:52]} Bf8
{[%clk 0:01:02]} 40. Rb7 {[%clk 0:01:46]} Rd8 {[%clk 0:00:53]} 41. Ne5
{[%clk 0:01:29]} Rd5 {[%clk 0:00:18]} 42. Rxf7 {[%clk 0:00:39]} Bg7
{[%clk 0:00:16]} 43. Bc4 {[%clk 0:00:45]} Rxe5 {[%clk 0:00:21]} 44. Rxf6+
{[%clk 0:00:28]} Kh7 {[%clk 0:00:31]} 45. Rb6 {[%clk 0:00:31]} Bf8
{[%clk 0:00:38]} 46. Bd3 {[%clk 0:00:38]} Bc5 {[%clk 0:00:12]} 47. Rxg6
{[%clk 0:00:45]} Kh8 {[%clk 0:00:21]} 48. f4 {[%clk 0:00:43]} Rd5
{[%clk 0:00:28]} 49. Rg5 {[%clk 0:00:22]} Rxg5 {[%clk 0:00:35]} 50. fxg5
{[%clk 0:00:31]} h4 {[%clk 0:00:19]} 51. gxh4 {[%clk 0:00:37]} Kg7
{[%clk 0:00:13]} 52. Kf3 {[%clk 0:00:46]} Be7 {[%clk 0:00:13]} 53. Kg4
{[%clk 0:00:55]} Bc5 {[%clk 0:00:21]} 54. h5 {[%clk 0:01:04]} Be3
{[%clk 0:00:26]} 55. h6+ {[%clk 0:01:12]} Kf7 {[%clk 0:00:35]} 56. Bc4+
{[%clk 0:01:13]} Kf8 {[%clk 0:00:45]} 57. Kf5 {[%clk 0:01:14]} Bd2
{[%clk 0:00:49]} 58. h4 {[%clk 0:01:20]} Be3 {[%clk 0:00:56]} 59. Kg6
{[%clk 0:01:27]} 1-0

[Event "Rapid 2018"]
[Site "Saint-Petersburg"]
[Date "2018.12.28"]
[Round "15"]
[Board "17"]
[White "Nepomniachtchi Ian (RUS)"]
[Black "Bocharov Ivan (RUS)"]
[Result "1/2-1/2"]
[LiveChessVersion "1.4.8"]
[BlackElo "2657"]
[WhiteElo "2771"]

1. e4 {[%clk 0:15:18]} e5 {[%clk 0:15:19]} 2. d4 {[%clk 0:15:27]} exd4
{[%clk 0:15:23]} 3. Qxd4 {[%clk 0:15:36]} Nc6 {[%clk 0:15:28]} 4. Qe3
{[%clk 0:15:44]} Nf6 {[%clk 0:15:26]} 5. Nc3 {[%clk 0:15:52]} Bb4
{[%clk 0:15:26]} 6. Bd2 {[%clk 0:16:01]} O-O {[%clk 0:15:32]} 7. O-O-O
{[%clk 0:16:08]} Re8 {[%clk 0:15:41]} 8. Qf4 {[%clk 0:16:17]} Bxc3
{[%clk 0:14:13]} 9. Bxc3 {[%clk 0:16:25]} Rxe4 {[%clk 0:14:05]} 10. Qg3
{[%clk 0:16:33]} d5 {[%clk 0:13:41]} 11. f3 {[%clk 0:16:34]} Re8 {[%clk 0:12:35]}
12. Ne2 {[%clk 0:16:42]} Bf5 {[%clk 0:12:14]} 13. a3 {[%clk 0:16:47]} a5
{[%clk 0:09:48]} 14. Qf4 {[%clk 0:16:54]} Bg6 {[%clk 0:09:43]} 15. Bxf6
{[%clk 0:16:45]} Qxf6 {[%clk 0:09:31]} 16. Qxf6 {[%clk 0:16:53]} gxf6
{[%clk 0:09:40]} 17. Rxd5 {[%clk 0:17:01]} Rad8 {[%clk 0:09:36]} 18. Rxd8
{[%clk 0:17:09]} Rxd8 {[%clk 0:09:43]} 19. Nf4 {[%clk 0:16:48]} Nd4
{[%clk 0:09:31]} 20. Bd3 {[%clk 0:16:56]} Ne6 {[%clk 0:09:40]} 21. Nxe6
{[%clk 0:15:38]} fxe6 {[%clk 0:09:48]} 22. Bxg6 {[%clk 0:15:47]} hxg6
{[%clk 0:09:56]} 23. Rd1 {[%clk 0:15:55]} Rd5 {[%clk 0:09:19]} 24. Rxd5
{[%clk 0:15:51]} exd5 {[%clk 0:09:28]} 25. b4 {[%clk 0:15:57]} axb4
{[%clk 0:09:14]} 26. axb4 {[%clk 0:16:06]} Kf7 {[%clk 0:09:18]} 27. Kd2
{[%clk 0:16:07]} c6 {[%clk 0:08:35]} 28. h4 {[%clk 0:16:11]} b6 {[%clk 0:06:58]}
29. g4 {[%clk 0:16:18]} Ke6 {[%clk 0:04:32]} 30. Ke3 {[%clk 0:15:32]} c5
{[%clk 0:04:18]} 31. bxc5 bxc5 32. c3 {[%clk 0:14:42]} Kf7 {[%clk 0:03:53]} 33.
Kd2 {[%clk 0:11:51]} Ke6 {[%clk 0:04:02]} 34. Kd3 {[%clk 0:10:47]} Kf7
{[%clk 0:03:53]} 35. Kc2 {[%clk 0:08:59]} Ke6 {[%clk 0:02:57]} 36. f4
{[%clk 0:09:04]} f5 {[%clk 0:02:17]} 37. g5 {[%clk 0:09:11]} Ke7 {[%clk 0:02:16]}
38. Kb3 {[%clk 0:09:12]} Kd7 {[%clk 0:02:24]} 39. Ka4 {[%clk 0:09:02]} Ke7
{[%clk 0:02:33]} 40. Kb5 {[%clk 0:08:32]} Kd6 {[%clk 0:02:42]} 41. Ka5
{[%clk 0:08:41]} Ke7 {[%clk 0:02:45]} 42. Ka4 {[%clk 0:08:19]} Ke6
{[%clk 0:02:54]} 43. Kb3 {[%clk 0:08:09]} Ke7 {[%clk 0:03:02]} 44. c4
{[%clk 0:07:39]} d4 {[%clk 0:03:09]} 45. Kc2 1/2-1/2

[Event "Rapid 2018"]
[Site "Saint-Petersburg"]
[Date "2018.12.28"]
[Round "15"]
[Board "18"]
[White "Le Quang Liem (VIE)"]
[Black "Demchenko Anton (RUS)"]
[Result "1/2-1/2"]
[LiveChessVersion "1.4.8"]
[BlackElo "2651"]
[WhiteElo "2752"]

1. c4 {[%clk 0:15:18]} Nf6 {[%clk 0:15:17]} 2. Nc3 {[%clk 0:15:26]} g6
{[%clk 0:15:25]} 3. e4 {[%clk 0:15:33]} d6 {[%clk 0:15:35]} 4. d4
{[%clk 0:15:42]} Bg7 {[%clk 0:15:44]} 5. Nge2 {[%clk 0:15:48]} O-O
{[%clk 0:15:42]} 6. Ng3 {[%clk 0:15:57]} e5 {[%clk 0:15:46]} 7. d5
{[%clk 0:16:05]} a5 {[%clk 0:15:55]} 8. h4 {[%clk 0:16:06]} h5 {[%clk 0:16:04]}
9. Bg5 {[%clk 0:16:07]} Na6 {[%clk 0:16:12]} 10. Be2 {[%clk 0:16:15]} Qe8
{[%clk 0:16:21]} 11. Qc2 {[%clk 0:15:48]} Bd7 {[%clk 0:14:51]} 12. f3
{[%clk 0:14:52]} Nh7 {[%clk 0:14:31]} 13. Be3 {[%clk 0:14:32]} Qe7
{[%clk 0:14:02]} 14. Nf1 {[%clk 0:13:36]} f5 {[%clk 0:13:53]} 15. O-O-O
{[%clk 0:13:41]} Nb4 {[%clk 0:10:14]} 16. Qb3 {[%clk 0:12:53]} b6
{[%clk 0:10:03]} 17. Nd2 {[%clk 0:12:17]} Rf7 {[%clk 0:09:43]} 18. Kb1
{[%clk 0:12:20]} Bf6 {[%clk 0:09:09]} 19. Bf2 {[%clk 0:12:18]} Bg7
{[%clk 0:09:18]} 20. Nb5 {[%clk 0:11:48]} Na6 {[%clk 0:09:05]} 21. Be3
{[%clk 0:11:04]} Bf6 {[%clk 0:09:07]} 22. g3 {[%clk 0:11:00]} Bg7
{[%clk 0:07:39]} 23. Rdf1 {[%clk 0:10:26]} f4 {[%clk 0:07:13]} 24. gxf4
{[%clk 0:10:17]} exf4 {[%clk 0:07:21]} 25. Bf2 {[%clk 0:10:25]} Be5
{[%clk 0:07:07]} 26. Rfg1 {[%clk 0:10:31]} Qf6 {[%clk 0:07:11]} 27. Bf1
{[%clk 0:10:23]} Kh8 {[%clk 0:05:47]} 28. Bh3 {[%clk 0:10:22]} Bxh3
{[%clk 0:05:47]} 29. Rxh3 {[%clk 0:10:31]} Rg8 {[%clk 0:05:49]} 30. a3
{[%clk 0:09:35]} Nc5 {[%clk 0:05:33]} 31. Qc2 {[%clk 0:09:28]} g5
{[%clk 0:03:48]} 32. hxg5 {[%clk 0:09:35]} Rxg5 {[%clk 0:03:56]} 33. Rgh1
{[%clk 0:09:34]} Rg2 {[%clk 0:03:11]} 34. Bxc5 {[%clk 0:08:03]} bxc5
{[%clk 0:03:20]} 35. Rxh5 {[%clk 0:08:11]} Kg8 {[%clk 0:02:23]} 36. R5h2
{[%clk 0:07:52]} Qg6 {[%clk 0:02:04]} 37. Qd1 {[%clk 0:06:20]} Rg7
{[%clk 0:02:12]} 38. a4 {[%clk 0:06:28]} Qg3 {[%clk 0:01:49]} 39. Rxg2
{[%clk 0:06:18]} Qxg2 {[%clk 0:01:58]} 40. Kc2 {[%clk 0:06:18]} Rg3
{[%clk 0:01:05]} 41. Qf1 {[%clk 0:04:54]} Ng5 {[%clk 0:01:04]} 42. Qxg2
{[%clk 0:04:46]} Rxg2 {[%clk 0:01:13]} 43. Rf1 {[%clk 0:04:55]} Bxb2 44. Nxc7 Bd4
{[%clk 0:00:21]} 45. Ne6 {[%clk 0:04:53]} Nxe6 {[%clk 0:00:17]} 46. dxe6
{[%clk 0:05:02]} Be3 {[%clk 0:00:26]} 47. Rd1 {[%clk 0:05:10]} Kf8
{[%clk 0:00:27]} 48. Kd3 {[%clk 0:04:15]} Bxd2 49. Rxd2 Rxd2+ {[%clk 0:00:12]}
50. Kxd2 {[%clk 0:04:24]} Ke7 {[%clk 0:00:21]} 51. Kd3 {[%clk 0:03:50]} Kxe6
{[%clk 0:00:27]} 52. Kd2 {[%clk 0:03:52]} Ke5 {[%clk 0:00:36]} 53. Kd3
{[%clk 0:04:00]} Kf6 54. Ke2 Ke6 {[%clk 0:00:28]} 55. Kd2 {[%clk 0:04:03]} Ke5
{[%clk 0:00:34]} 56. Kd3 {[%clk 0:04:11]} Kf6 {[%clk 0:00:44]} 57. Ke2
{[%clk 0:04:20]} Kg5 {[%clk 0:00:42]} 58. Kf2 {[%clk 0:04:25]} Kg6
{[%clk 0:00:24]} 59. Kf1 {[%clk 0:04:20]} Kf7 {[%clk 0:00:25]} 60. Ke1
{[%clk 0:04:23]} Ke6 {[%clk 0:00:32]} 61. Kd2 {[%clk 0:04:23]} Kf6
{[%clk 0:00:35]} 62. Ke2 {[%clk 0:04:30]} Kg6 {[%clk 0:00:24]} 63. Kf1
{[%clk 0:04:30]} Kg5 {[%clk 0:00:31]} 64. Kf2 {[%clk 0:04:34]} Kf6
{[%clk 0:00:35]} 65. Ke2 {[%clk 0:04:42]} Ke5 1/2-1/2